Przejdź do treści

Чернец, киевская повесть. Сочинение Ивана Козлова

Классическое произведение, относящееся к общественному достоянию.

Zapisane w:
Opis bibliograficzny
1. autor: Вяземский П. А.
Format: Книга
Język:Russian
Wydane: Санкт-Петербург Лань 2013
Dostęp online:http://e.lanbook.com/books/element.php?pl1_cid=25&pl1_id=8621
https://e.lanbook.com/img/cover/book/8621.jpg
Etykiety: Dodaj etykietę
Nie ma etykietki, Dołącz pierwszą etykiete!
LEADER 01083nam0a2200241 i 4500
001 8621
003 RuSpLAN
005 20221220173901.0
008 221220s2013 ru gs 000 0 rus
020 |a 978-5-507-11944-8 
040 |a RuSpLAN 
041 0 |a rus 
044 |a ru 
245 0 0 |a Чернец, киевская повесть. Сочинение Ивана Козлова  |c Вяземский П. А. 
260 |a Санкт-Петербург  |b Лань  |c 2013 
300 |a 6 с. 
504 |a Библиогр.: доступна в карточке книги, на сайте ЭБС Лань 
520 8 |a Классическое произведение, относящееся к общественному достоянию. 
521 8 |a Книга из коллекции Лань - Языкознание и литературоведение 
100 1 |a Вяземский П. А. 
856 4 |u http://e.lanbook.com/books/element.php?pl1_cid=25&pl1_id=8621 
856 4 8 |u https://e.lanbook.com/img/cover/book/8621.jpg 
953 |a https://e.lanbook.com/img/cover/book/8621.jpg 
Cannot write session to /tmp/vufind_sessions/sess_fpv0vfmnaes04nuugola4vac6f